banner koha

Desenvolvimento de um modelo matematico de simulacao pluvio-hidrometrico [Bacia do Rio Sapucai; Minas Gerais; Sao Paulo; Brasil] (Registro n. 21505)

MARC details
000 -LÍDER
campo de controle de tamanho fixo 01192nam a22003257a 4500
001 - NÚMERO DE CONTROLE
campo de controle BR7575060
003 - IDENTIFICADOR DO NÚMERO DE CONTROLE
campo de controle BR-BrBNA
005 - DATA E HORÁRIO DA ÚLTIMA TRANSAÇÃO
campo de controle 20230928084846.0
007 - CAMPO FIXO DE DESCRIÇÃO FÍSICA--INFORMAÇÃO GERAL
campo de controle de tamanho fixo ta
008 - CAMPO DE DADOS FIXOS--INFORMAÇÃO GERAL
campo de controle de tamanho fixo 230509b bl.||||| |||| 00| 0 por d
040 ## - FONTE DA CATALOGAÇÃO
Instituição da catalogação original BR-BrBNA
Idioma da catalogação por
Instituição que transcreveu o registro Biblioteca Nacional de Agricultura
041 ## - CÓDIGO DE IDIOMA
Código do idioma do texto/trilha sonora ou título diferente (Por)
072 ## - CÓDIGO DE CATEGORIA DE ASSUNTO
Código de Categoria de Assunto P10; U10
Código do objeto /GZ35
-- /G514
090 ## - NÚMERO DE CHAMADA LOCAL
-- P10 BR7575060
100 1# - ENTRADA PRINCIPAL--NOME PESSOAL
Nome pessoal Silva, A.M. da
110 1# - ENTRADA PRINCIPAL--NOME CORPORATIVO
Nome corporativo ou nome da jurisdição Universidade Federal do Rio Grande do Sul, Porto Alegre (Brasil). Centro de Hidrologia Aplicada
Grau Universitário Tese (Mestre Hidrol. Apl.)
9 (RLIN) 11153
245 1# - TÍTULO
Título Desenvolvimento de um modelo matematico de simulacao pluvio-hidrometrico [Bacia do Rio Sapucai; Minas Gerais; Sao Paulo; Brasil]
260 3# - PUBLICAÇÃO, DISTRIBUIÇÃO, ETC.
Local de publicação, distribuição, etc. Porto Alegre, RS (Brasil):
Data da publicação, distribuição, etc. 1974.
300 ## - DESCRIÇÃO FÍSICA
Extensão 162 p.
500 ## - NOTA GERAL
Nota geral 4 Maps, scale 1:250,000; 34 ref. (*) Documento disponível na(o) Universidade Federal do Rio Grande do Sul, Porto Alegre (Brazil). Inst. de Pesquisas Hidraulicas
650 ## - ASSUNTO--TERMO TÓPICO
Cabeçalho tópico ou nome geográfico RECURSO HIDRICO
650 ## - ASSUNTO--TERMO TÓPICO
Cabeçalho tópico ou nome geográfico MATEMATICA
650 ## - ASSUNTO--TERMO TÓPICO
Cabeçalho tópico ou nome geográfico HIDROLOGIA
650 ## - ASSUNTO--TERMO TÓPICO
Cabeçalho tópico ou nome geográfico BACIA HIDROGRAFICA
650 ## - ASSUNTO--TERMO TÓPICO
Cabeçalho tópico ou nome geográfico RIO SAPUCAI
650 ## - ASSUNTO--TERMO TÓPICO
Cabeçalho tópico ou nome geográfico MINAS GERAIS
650 ## - ASSUNTO--TERMO TÓPICO
Cabeçalho tópico ou nome geográfico SAO PAULO
909 ## -
-- 202309
-- Lucia
-- 55
-- Lucia Elande
942 ## - ELEMENTOS DE ENTRADA ADICIONADOS (KOHA)
Tipo de material Koha Livros
Exemplares
Situação do descarte Fonte da classificação ou esquema de arquivamento na estante Situação física Não pode ser emprestado Biblioteca de origem Biblioteca atual Total de empréstimos Data de último acesso Número do exemplar Tipo de material Koha Nota pública Situação das perdas Data de aquisição Fonte de aquisição Qualificador de local codificado Custo, preço normal de compra Número do inventário Custo, preço de reposição Preço efetivo de
  Classificação AGRIS   INDISPONÍVEL Centro Cooperante Centro Cooperante   25/09/2023 01 Livros 4 Maps, scale 1:250,000; 34 ref. (*) Documento disponível na(o) Universidade Federal do Rio Grande do Sul, Porto Alegre (Brazil). Inst. de Pesquisas Hidraulicas Em falta              

BINAGRI

Telefone: (61)3218-2567/2388/3357/2097 - binagri@agro.gov.br

Ministério da Agricultura e Pecuária , Esplanada dos Ministérios, Bloco D, Anexo B, Brasília/DF, CEP: 70.043-900